Rues célèbres du monde - Statistiques

Statistiques générales
  • Ce quiz a été pris 142 fois
  • Le résultat moyen est 10 sur 20
Statistiques - réponses
Description Rue % Correct
Plus célèbre avenue plantée du monde à Paris Champs-Élysées
92%
Route la plus célèbre des États-Unis reliant Chicago à Los Angeles Route 66
78%
Surnom des autoroutes A6 et A7 conduisant les touristes à la Côte d'Azur pour les vacances Autoroute du {Soleil}
77%
Anciennes routes de commerce entre la Chine et l'Europe Route de la Soie
77%
Rue de la bourse de New York abritant de nombreux loups Wall Street
77%
Rue la plus chère du Monopoly, célèbre dans la réalité pour ses bijouteries Rue de la Paix
74%
Chemins d'un pèlerinage européen vers l'ouest de l'Espagne Chemins de Compostelle
67%
Avenue des théâtres à New York, seule à traverser Manhattan en diagonale Broadway
65%
Boulevard de Los Angeles fameux pour son trottoir étoilé Hollywood Boulevard
53%
Surnom de la rue Saint-Michel à Rennes connue pour accueillir un bar tous les 7 mètres et encore plus de joyeux buveurs Rue de la Soif
53%
Boulevard réputé comme le principal de Montréal parallèle au fleuve dont il tire son nom Boulevard Saint-Laurent
47%
Nom générique de la rue la plus importante dans la plupart des villes de France Grande Rue
39%
Rue d'un studio d'enregistrement ayant donné son nom à un album des Beatles Abbey Road
37%
Rue de Genève accueillant des boutiques de luxe et qui bordait autrefois le fleuve dont elle tire son nom Rue du Rhône
31%
Rendez-vous dans cette rue commerçante pour acheter une baguette magique ou des accessoires de Quidditch Chemin de Traverse
29%
Artère principale de Marseille dont le nom occitan rappelle son rôle dans le commerce du chanvre La Canebière
29%
Route antique surnommée la "Reine des voies" et reliant Rome à Brundisium Voie Appienne
20%
Version équivalente britannique du précédent High Street
9%
Galerie marchande de Nantes construite au XIXe et s'étendant sur trois niveaux Passage Pommeraye
6%
Ruelle où Batman a vu ses parents être assassinés Crime Alley
4%
Aucun quiz correspondant
Distribution des résultats
% des personnes avec chaque résultat
Percentile par nombre de réponses
Votre historique - résultats
Vous n’avez pas pris ce quiz